[Event "IMSA Masters Rapid Women"]
[Site "Hengshui CHN"]
[Date "2019.05.14"]
[Round "1.4"]
[White "Bodnaruk, Anastasia"]
[Black "Gunina, Valentina"]
[Result "0-1"]
[WhiteTitle "IM"]
[BlackTitle "GM"]
[WhiteElo "2431"]
[BlackElo "2506"]
[WhiteFideId "4181751"]
[BlackFideId "4167570"]
[EventDate "2019.05.14"]

1. e4 c6 2. d4 d5 3. e5 Bf5 4. Nf3 e6 5. Be2 Nd7 6. O-O h6 7. c3 Ne7 8. Nbd2 a5
9. Ne1 c5 10. Ndf3 Nc6 11. Bd3 Bxd3 12. Nxd3 Be7 13. Be3 cxd4 14. cxd4 O-O 15.
Nd2 Qb6 16. Qg4 Kh7 17. Nf4 Qxb2 18. Rfb1 Qc2 19. Rxb7 Rfd8 20. Nh5 Qg6 21.
Qxg6+ Kxg6 22. Nf4+ Kh7 23. Rc1 Rac8 24. Kf1 Ndxe5 25. Nxe6 fxe6 26. dxe5 Ba3
27. Re1 d4 28. Bf4 Nb4 29. Bg3 Nxa2 30. Bh4 Rd5 31. Ne4 Kg6 32. f4 d3 33. g4 d2
34. f5+ exf5 35. gxf5+ Kxf5 36. Nxd2 Rxd2 37. e6 Rxh2 38. e7 Re8 39. Rb5+ Kg6
40. Rxa5 Rxh4 41. Rxa3 Rh1+ 42. Kf2 Rxe1 43. Kxe1 Rxe7+ 0-1

[Event "IMSA Masters Rapid Women"]
[Site "Hengshui CHN"]
[Date "2019.05.14"]
[Round "1.6"]
[White "Paehtz, Elisabeth"]
[Black "Tan, Zhongyi"]
[Result "0-1"]
[WhiteTitle "IM"]
[BlackTitle "GM"]
[WhiteElo "2470"]
[BlackElo "2513"]
[WhiteFideId "4641833"]
[BlackFideId "8603642"]
[EventDate "2019.05.14"]

1. d4 Nf6 2. Nf3 d5 3. Bf4 e6 4. e3 c5 5. Nbd2 Nc6 6. c3 Bd6 7. Bg3 O-O 8. Bd3
b6 9. e4 Be7 10. e5 Nh5 11. a3 a5 12. Qe2 Ra7 13. O-O Nxg3 14. hxg3 f5 15. exf6
gxf6 16. Rfe1 Bd6 17. Bb5 Rc7 18. Nf1 Na7 19. Bd3 Rg7 20. b4 c4 21. Bc2 Bd7 22.
bxa5 bxa5 23. a4 Nc6 24. Rab1 Re8 25. Ne3 Qc7 26. Nh4 f5 27. Qh5 Rf8 28. Nf1 Ne7
29. f4 Ng6 30. Nxg6 hxg6 31. Qf3 g5 32. fxg5 Rxg5 33. Re3 Rf6 34. Rbe1 Kg7 35.
Qe2 Rfg6 36. Rf3 Bc8 37. Rb1 Kf6 38. Ne3 Kg7 39. Nf1 Bd7 40. Qe3 Bxg3 41. Nxg3
Rxg3 42. Rxg3 Qxg3 43. Qxg3 Rxg3 44. Rb7 Kf6 45. Bd1 Rxc3 46. Rxd7 Rc1 0-1

[Event "IMSA Masters Rapid Women"]
[Site "Hengshui CHN"]
[Date "2019.05.14"]
[Round "1.7"]
[White "Dzagnidze, Nana"]
[Black "Zhao, Xue"]
[Result "1-0"]
[WhiteTitle "GM"]
[BlackTitle "GM"]
[WhiteElo "2510"]
[BlackElo "2485"]
[WhiteFideId "13601903"]
[BlackFideId "8601283"]
[EventDate "2019.05.14"]

1. e4 e6 2. d4 d5 3. Nc3 Nf6 4. Bg5 dxe4 5. Nxe4 Be7 6. Bxf6 gxf6 7. c3 h5 8.
Nf3 h4 9. Bd3 b6 10. Qe2 Bb7 11. O-O-O h3 12. g4 Nd7 13. Rhg1 Nf8 14. Ba6 Qd5
15. Bxb7 Qxb7 16. g5 f5 17. Nf6+ Bxf6 18. gxf6 Rh6 19. Ne5 Qd5 20. c4 Qe4 21.
Qd2 Rxf6 22. Qg5 Nh7 23. Qh5 Qf4+ 24. Kb1 Qh6 25. Rg8+ Nf8 26. Qf3 Rc8 27. Qb7 1-0

[Event "IMSA Masters Rapid Women"]
[Site "Hengshui CHN"]
[Date "2019.05.14"]
[Round "2.3"]
[White "Koneru, Humpy"]
[Black "Abdumalik, Zhansaya"]
[Result "1/2-1/2"]
[WhiteTitle "GM"]
[BlackTitle "IM"]
[WhiteElo "2553"]
[BlackElo "2464"]
[WhiteFideId "5008123"]
[BlackFideId "13703544"]
[EventDate "2019.05.14"]

1. d4 Nf6 2. c4 g6 3. g3 Bg7 4. Bg2 c5 5. Nf3 O-O 6. O-O cxd4 7. Nxd4 d5 8. cxd5
Nxd5 9. Nc3 Nxc3 10. bxc3 Nc6 11. Nxc6 bxc6 12. Qxd8 Rxd8 13. Bxc6 Bh3 14. Bxa8
Bxf1 15. Kxf1 Bxc3 16. Rb1 Rxa8 17. Bf4 Bd4 18. Rb8+ Rxb8 19. Bxb8 f5 20. e3 Bb6
21. Ke2 Kf7 22. f3 h5 23. h3 Ke6 24. e4 fxe4 25. fxe4 a6 26. g4 hxg4 27. hxg4
Bd4 28. Bf4 Be5 29. Be3 Bd6 30. Bd4 Be5 31. Be3 Bd6 32. Bd4 1/2-1/2

[Event "IMSA Masters Rapid Women"]
[Site "Hengshui CHN"]
[Date "2019.05.14"]
[Round "2.4"]
[White "Muzychuk, Mariya"]
[Black "Lei, Tingjie"]
[Result "1-0"]
[WhiteTitle "GM"]
[BlackTitle "GM"]
[WhiteElo "2563"]
[BlackElo "2507"]
[WhiteFideId "14114550"]
[BlackFideId "8605114"]
[EventDate "2019.05.14"]

1. e4 e5 2. Nf3 Nc6 3. d4 exd4 4. Nxd4 Nf6 5. Nxc6 bxc6 6. e5 Qe7 7. Qe2 Nd5 8.
c4 Nb6 9. Nc3 g6 10. Ne4 Bg7 11. Bg5 Qxe5 12. Bf6 Qa5+ 13. Nc3+ Kf8 14. Qe7+ Kg8
15. Qe8+ Bf8 16. Bxh8 d5 17. O-O-O Bg4 18. Qxc6 Kxh8 19. Rxd5 Qb4 20. Bd3 Bg7
21. Rb5 Qf8 22. Qe4 Bd7 23. Re5 Na4 24. Nxa4 Bxa4 25. Re1 Rb8 26. c5 Bd7 27. Re2
Bxe5 28. Qxe5+ Kg8 29. Kb1 Re8 30. Qd4 Rxe2 31. Bxe2 Bf5+ 32. Kc1 Qh6+ 33. f4
Qxh2 34. Bf3 Qh1+ 35. Kd2 Qb1 36. g4 Qc2+ 37. Ke3 Qc1+ 38. Kf2 Be6 39. a3 Qc2+
40. Kg3 Qc1 41. g5 Bf5 42. c6 a5 43. Qd8+ Kg7 44. Qd4+ Kg8 45. Kf2 Qc2+ 46. Ke3
Qc1+ 47. Ke2 Qc2+ 48. Qd2 Qc4+ 49. Kf2 Qc5+ 50. Kg2 Qb6 51. Qd8+ Kg7 52. Qf6+
Kg8 53. Bd5 Be6 54. Qd8+ Kg7 55. Bxe6 Qxb2+ 56. Kg3 Qc3+ 57. Kg4 fxe6 58. Qxc7+
Kg8 59. Qd8+ Kf7 60. Qd7+ Kf8 61. c7 1-0

[Event "IMSA Masters Rapid Women"]
[Site "Hengshui CHN"]
[Date "2019.05.14"]
[Round "2.5"]
[White "Stefanova, Antoaneta"]
[Black "Ushenina, Anna"]
[Result "1-0"]
[WhiteTitle "GM"]
[BlackTitle "GM"]
[WhiteElo "2470"]
[BlackElo "2442"]
[WhiteFideId "2902257"]
[BlackFideId "14110911"]
[EventDate "2019.05.14"]

1. Nf3 d5 2. g3 e6 3. Bg2 Nf6 4. O-O c5 5. d4 Nc6 6. c4 dxc4 7. dxc5 Qxd1 8.
Rxd1 Bxc5 9. Nbd2 c3 10. bxc3 O-O 11. Nb3 Be7 12. c4 Bd7 13. Bb2 Rfd8 14. Ne5
Nxe5 15. Bxe5 Rac8 16. Na5 b6 17. Nb7 Re8 18. Nd6 Bxd6 19. Rxd6 Ba4 20. Rc1 Bb5
21. Rd4 Bc6 22. f3 Nd7 23. Bd6 Nc5 24. Bxc5 bxc5 25. Rd3 Rb8 26. Ra3 Re7 27. Ra5
Rb2 28. Kf2 Bb7 29. Rxa7 f5 30. Rc3 Kf7 31. Rb3 Rxb3 32. axb3 e5 33. Ke3 Ke6 34.
Kd2 Kd6 35. Kc3 Kc6 36. b4 Rd7 37. Ra5 cxb4+ 38. Kxb4 Kd6 39. Bh3 Rf7 40. g4 g6
41. gxf5 gxf5 42. f4 exf4 43. Rxf5 Re7 44. Bg4 Re4 45. Bf3 Re7 46. Rxf4 Bxf3 47.
exf3 Re2 48. Rh4 Rb2+ 49. Kc3 Rf2 50. Rh6+ Kc5 51. Rh5+ Kc6 52. Rxh7 Rxf3+ 53.
Kb4 Rf1 54. Rh6+ Kc7 55. h4 Rf5 56. h5 Kb7 57. c5 Kc7 58. Kb5 Rf7 59. Rc6+ Kb7
60. h6 Rf1 61. Rg6 Rb1+ 62. Kc4 Rh1 63. Kd5 Rh5+ 64. Kd6 Ka6 65. Kd7+ Ka7 66. c6
Rc5 67. h7 Rh5 68. Rg7 1-0

[Event "IMSA Masters Rapid Women"]
[Site "Hengshui CHN"]
[Date "2019.05.14"]
[Round "2.6"]
[White "Harika, Dronavalli"]
[Black "Paehtz, Elisabeth"]
[Result "1/2-1/2"]
[WhiteTitle "GM"]
[BlackTitle "IM"]
[WhiteElo "2492"]
[BlackElo "2470"]
[WhiteFideId "5015197"]
[BlackFideId "4641833"]
[EventDate "2019.05.14"]

1. e4 c5 2. Nf3 d6 3. Bb5+ Nd7 4. O-O Nf6 5. Re1 a6 6. Bd3 b5 7. c4 Rb8 8. Nc3
g5 9. cxb5 g4 10. Nh4 Ne5 11. Bf1 axb5 12. Nxb5 c4 13. d4 cxd3 14. Bxd3 Nxd3 15.
Qxd3 Qa5 16. Nc3 e6 17. e5 dxe5 18. Bg5 Nd7 19. Ne4 Qa6 20. Qe3 Qb6 21. Qxb6
Rxb6 22. Rac1 Rb8 23. Nf6+ Nxf6 24. Bxf6 Rg8 25. Bxe5 Ra8 26. Bf6 Bb7 27. a3 Bd5
28. Nf5 Rg6 29. Bh4 Bh6 30. Nxh6 Rxh6 31. Bg3 Rg6 32. Rc5 Kf8 33. Rec1 Ke7 34.
Bh4+ Kf8 35. Rc8+ Rxc8 36. Rxc8+ Kg7 37. Bg3 Rg5 38. Rc5 Rf5 39. b4 h5 40. Kf1
Kg6 41. h4 gxh3 42. gxh3 Rf3 43. a4 Rb3 44. b5 Ra3 45. b6 Bf3 46. Ke1 Rxa4 47.
Rb5 Bb7 48. h4 f6 49. Kd2 e5 50. Kc3 Kf5 51. Kb3 Ra1 52. Kb4 Rb1+ 53. Kc5 Rxb5+
54. Kxb5 Ke4 55. Kc5 f5 56. Kd6 f4 57. Bh2 Kf5 58. Bg1 Bf3 59. Kc7 Kg4 60. Kd6
Kxh4 61. Kxe5 Kh3 62. Kxf4 Kg2 63. Bh2 h4 64. Bg3 h3 65. Ke3 Bb7 66. Bc7 Ba8 67.
Bb8 Bb7 68. Be5 Ba8 69. Bd6 Bb7 70. Be5 Ba8 71. Bf4 Bb7 72. Bb8 Ba8 73. Bc7 Bb7
74. Bf4 Ba8 75. Bg3 Bb7 76. Be5 Ba8 77. Bd6 Bb7 78. Bc7 Ba8 79. Bg3 1/2-1/2

[Event "IMSA Masters Rapid Women"]
[Site "Hengshui CHN"]
[Date "2019.05.14"]
[Round "2.7"]
[White "Zhao, Xue"]
[Black "Bodnaruk, Anastasia"]
[Result "0-1"]
[WhiteTitle "GM"]
[BlackTitle "IM"]
[WhiteElo "2485"]
[BlackElo "2431"]
[WhiteFideId "8601283"]
[BlackFideId "4181751"]
[EventDate "2019.05.14"]

1. d4 Nf6 2. c4 g6 3. g3 Bg7 4. Bg2 O-O 5. Nc3 d6 6. Nf3 Nc6 7. O-O a6 8. b3 Rb8
9. a4 a5 10. h3 Nd7 11. e4 e5 12. d5 Nb4 13. Bg5 f6 14. Be3 b6 15. Na2 Na6 16.
Nh4 f5 17. exf5 gxf5 18. f4 exf4 19. Rxf4 Bxa1 20. Qxa1 Ne5 21. Rf1 Nc5 22. Qd1
Qf6 23. Kh2 Bd7 24. Nc1 Qg7 25. Qh5 Be8 26. Qe2 Bg6 27. Qd2 Ne4 28. Qe1 Rbe8 29.
Ne2 Nd3 30. Qd1 Nxg3 0-1

[Event "IMSA Masters Rapid Women"]
[Site "Hengshui CHN"]
[Date "2019.05.14"]
[Round "3.1"]
[White "Muzychuk, Mariya"]
[Black "Gunina, Valentina"]
[Result "1-0"]
[WhiteTitle "GM"]
[BlackTitle "GM"]
[WhiteElo "2563"]
[BlackElo "2506"]
[WhiteFideId "14114550"]
[BlackFideId "4167570"]
[EventDate "2019.05.14"]

1. e4 c6 2. d4 d5 3. Nc3 dxe4 4. Nxe4 Bf5 5. Ng3 Bg6 6. Nf3 Nd7 7. Bd3 Qc7 8.
O-O e6 9. Bxg6 hxg6 10. Ne4 Ngf6 11. Nxf6+ gxf6 12. Qe2 O-O-O 13. c4 g5 14. g3
Be7 15. d5 g4 16. Nh4 Ne5 17. Bf4 Rdg8 18. dxe6 fxe6 19. Rfe1 Bb4 20. Bxe5 fxe5
21. Qxe5 Bxe1 22. Qxe6+ Kb8 23. Rxe1 a6 24. Re4 Ka7 25. Ng6 Re8 26. Qxg4 Rhg8
27. Rxe8 Rxe8 28. Qd4+ c5 29. Qd5 Rd8 30. Qf3 Qa5 31. Qe3 Rd4 32. a3 Qa4 33. Ne5
Qc2 34. h4 Qxb2 35. h5 Kb6 36. h6 Rd1+ 37. Kh2 Qb1 38. Qf3 Rd6 39. Nf7 Rd2 40.
Ng5 Rd3 41. Qf6+ Ka5 42. h7 Rd1 43. Qf3 Qb2 44. Qxd1 1-0

[Event "IMSA Masters Rapid Women"]
[Site "Hengshui CHN"]
[Date "2019.05.14"]
[Round "3.3"]
[White "Abdumalik, Zhansaya"]
[Black "Tan, Zhongyi"]
[Result "1-0"]
[WhiteTitle "IM"]
[BlackTitle "GM"]
[WhiteElo "2464"]
[BlackElo "2513"]
[WhiteFideId "13703544"]
[BlackFideId "8603642"]
[EventDate "2019.05.14"]

1. e4 e5 2. Nf3 Nc6 3. Bb5 Nf6 4. d3 Bc5 5. c3 O-O 6. O-O d6 7. Nbd2 a6 8. Ba4
Ba7 9. h3 b5 10. Bc2 d5 11. exd5 Qxd5 12. Qe2 Re8 13. Ne4 Nxe4 14. dxe4 Qd6 15.
Be3 Be6 16. Rfd1 Qe7 17. Bxa7 Rxa7 18. Bb3 Rb7 19. Bd5 Bxd5 20. Rxd5 f6 21. a4
Na7 22. axb5 axb5 23. Nh4 g6 24. Rad1 c6 25. Rd6 Nc8 26. Rxc6 Rd8 27. Nf3 Kg7
28. b4 Rbd7 29. Ra1 Nd6 30. Rc5 Rc7 31. Qe3 Rdc8 32. Rxc7 Rxc7 33. Nd2 Qd7 34.
Nb3 Nc4 35. Qe2 Ra7 36. Rd1 Qc6 37. Nc5 Nb6 38. Qe3 Ra8 39. h4 h5 40. Kh2 Re8
41. Rd3 Re7 42. Qd2 Nc4 43. Qa2 Qc8 44. Qe2 Ra7 45. Rg3 Kh7 46. Qd3 Re7 47. Qd5
Kg7 48. Qd1 Kh7 49. Qe2 Rf7 50. Rd3 Re7 51. Rd5 Kg7 52. Qd1 Nb2 53. Qf3 Nc4 54.
Nb3 Na3 55. Rd6 Rf7 56. Nc5 Nc4 57. Ra6 f5 58. Qg3 Rf6 59. Rxf6 Kxf6 60. Qg5+
Kf7 61. Qh6 f4 62. Qh7+ Kf6 63. Nd7+ Ke6 64. Nc5+ Kf6 65. Qa7 Qg4 66. Nd7+ Ke6
67. Nf8+ Kd6 68. Qc5# 1-0

[Event "IMSA Masters Rapid Women"]
[Site "Hengshui CHN"]
[Date "2019.05.14"]
[Round "3.5"]
[White "Bodnaruk, Anastasia"]
[Black "Lei, Tingjie"]
[Result "0-1"]
[WhiteTitle "IM"]
[BlackTitle "GM"]
[WhiteElo "2431"]
[BlackElo "2507"]
[WhiteFideId "4181751"]
[BlackFideId "8605114"]
[EventDate "2019.05.14"]

1. e4 c6 2. d4 d5 3. e5 Bf5 4. Nf3 e6 5. Be2 c5 6. O-O Nc6 7. c3 Nge7 8. dxc5
Ng6 9. b4 Ngxe5 10. Nd4 Bg6 11. f4 Nxd4 12. cxd4 Nc4 13. Nc3 Be7 14. g4 f5 15.
g5 h6 16. h4 hxg5 17. hxg5 b6 18. Kg2 a5 19. Rh1 Rxh1 20. Qxh1 axb4 21. Nb5 bxc5
22. dxc5 Bxc5 23. Qf1 Qb6 24. Bxc4 dxc4 25. Qxc4 Qc6+ 26. Kh2 Kf7 27. Be3 Qf3 0-1

[Event "IMSA Masters Rapid Women"]
[Site "Hengshui CHN"]
[Date "2019.05.14"]
[Round "3.7"]
[White "Khotenashvili, Bela"]
[Black "Harika, Dronavalli"]
[Result "0-1"]
[WhiteTitle "GM"]
[BlackTitle "GM"]
[WhiteElo "2476"]
[BlackElo "2492"]
[WhiteFideId "13602640"]
[BlackFideId "5015197"]
[EventDate "2019.05.14"]

1. Nf3 f5 2. g3 Nf6 3. Bg2 g6 4. O-O Bg7 5. d4 O-O 6. c4 d6 7. b4 Qe8 8. Bb2
Nbd7 9. Qb3 e5 10. c5+ Kh8 11. cxd6 cxd6 12. dxe5 dxe5 13. Nbd2 e4 14. Ng5 Nb6
15. Nc4 Nxc4 16. Qxc4 h6 17. Nh3 Be6 18. Qd4 g5 19. f4 g4 20. Nf2 Rf7 21. Qe3
Qf8 22. Qa3 a5 23. bxa5 Qxa3 24. Bxa3 Nd5 25. Bd6 Rxa5 26. a3 Ne3 27. Rfc1 Bxa1
28. Rxa1 Rd7 29. Be5+ Kg8 30. h3 h5 31. Rc1 Nc4 32. Bc3 Rxa3 33. hxg4 hxg4 34.
Bxe4 fxe4 35. Nxe4 b5 36. Nf6+ Kf7 37. Nxd7 Bxd7 38. Be1 Bc6 39. Rd1 Ke6 40. Rd8
Ra8 41. Rd1 Rh8 42. Ra1 Rh1+ 43. Kf2 Rh2+ 44. Kg1 Rg2+ 0-1

[Event "IMSA Masters Rapid Women"]
[Site "Hengshui CHN"]
[Date "2019.05.14"]
[Round "4.1"]
[White "Abdumalik, Zhansaya"]
[Black "Muzychuk, Mariya"]
[Result "1/2-1/2"]
[WhiteTitle "IM"]
[BlackTitle "GM"]
[WhiteElo "2464"]
[BlackElo "2563"]
[WhiteFideId "13703544"]
[BlackFideId "14114550"]
[EventDate "2019.05.14"]

1. e4 c6 2. d4 d5 3. Nd2 dxe4 4. Nxe4 Bf5 5. Ng3 Bg6 6. h4 h6 7. Nf3 e6 8. Ne5
Bh7 9. Bd3 Bxd3 10. Qxd3 Nd7 11. Bf4 Nxe5 12. Bxe5 Qa5+ 13. c3 Nf6 14. O-O Be7
15. f4 Ng4 16. Qf3 f5 17. Rfe1 O-O 18. h5 Rad8 19. Re2 Rd7 20. Nf1 Qd5 21. Qg3
Bf6 22. Bxf6 Nxf6 23. Re5 Qd6 24. Qf3 Ng4 25. Re2 c5 26. dxc5 Qxc5+ 27. Kh1 Rfd8
28. Rxe6 Rd3 29. Qe2 Nf2+ 30. Kh2 Ng4+ 31. Kh1 Nf2+ 32. Kh2 Ng4+ 1/2-1/2

[Event "IMSA Masters Rapid Women"]
[Site "Hengshui CHN"]
[Date "2019.05.14"]
[Round "4.3"]
[White "Koneru, Humpy"]
[Black "Dzagnidze, Nana"]
[Result "0-1"]
[WhiteTitle "GM"]
[BlackTitle "GM"]
[WhiteElo "2553"]
[BlackElo "2510"]
[WhiteFideId "5008123"]
[BlackFideId "13601903"]
[EventDate "2019.05.14"]

1. d4 Nf6 2. c4 e6 3. Nf3 d5 4. Nc3 c6 5. e3 Nbd7 6. Qc2 Bd6 7. Bd3 dxc4 8. Bxc4
O-O 9. O-O b5 10. Be2 Bb7 11. e4 e5 12. dxe5 Nxe5 13. Nh4 b4 14. Nf5 bxc3 15.
Rd1 Ne8 16. Qxc3 Qf6 17. f4 Bc7 18. fxe5 Qxe5 19. Qxe5 Bxe5 20. Rd7 Rb8 21. Be3
Nf6 22. Re7 Bxb2 23. Rb1 Bc8 24. Rf1 Bxf5 25. Rxf5 Rfe8 26. Rxe8+ Rxe8 27. Bf3
Be5 28. Bd1 g6 29. Rf1 Nxe4 30. Bf3 f5 31. Bxe4 fxe4 32. Rc1 Rb8 33. Bxa7 Ra8
34. Be3 Ra3 35. Bb6 Ra6 36. Be3 Kf7 37. Rc4 Ke6 38. a4 Kd5 39. Rc5+ Kd6 40. Rc4
h5 41. h3 Ra8 42. Rxe4 Kd5 43. Rb4 c5 44. Rb6 c4 45. Rxg6 Ke4 46. Bh6 Rxa4 47.
Rc6 c3 48. Kf2 h4 49. Bg5 Bg3+ 50. Ke2 Ra2+ 51. Kd1 Kd3 52. Rc8 Ra1+ 53. Bc1 Bf4 0-1

[Event "IMSA Masters Rapid Women"]
[Site "Hengshui CHN"]
[Date "2019.05.14"]
[Round "4.4"]
[White "Lei, Tingjie"]
[Black "Ushenina, Anna"]
[Result "1/2-1/2"]
[WhiteTitle "GM"]
[BlackTitle "GM"]
[WhiteElo "2507"]
[BlackElo "2442"]
[WhiteFideId "8605114"]
[BlackFideId "14110911"]
[EventDate "2019.05.14"]

1. d4 d5 2. c4 e6 3. Nf3 Nf6 4. Bg5 dxc4 5. e3 b5 6. a4 c6 7. Nc3 a6 8. axb5
cxb5 9. Nxb5 axb5 10. Rxa8 Bb7 11. Ra1 Bb4+ 12. Nd2 e5 13. Be2 exd4 14. O-O Bxd2
15. Qxd2 d3 16. Rfd1 O-O 17. Bf1 Nc6 18. f3 h6 19. Bh4 Re8 20. Bf2 Qd6 21. b3
Qe6 22. bxc4 bxc4 23. Qc3 Ne5 24. e4 Nh5 25. Ra7 Bc6 26. Bd4 Nf4 27. Bxe5 Qxe5
28. Qxc4 Rf8 29. Kh1 Bb5 30. Qc7 Qd4 31. Raa1 g5 32. Qa5 Bc4 33. Qb4 Rc8 34.
Rac1 g4 35. Qd2 Qe5 36. Qe3 Ne2 37. Rxc4 Rxc4 38. Qxd3 Ng3+ 39. hxg3 Qh5+ 40.
Kg1 Qc5+ 41. Kh1 1/2-1/2

[Event "IMSA Masters Rapid Women"]
[Site "Hengshui CHN"]
[Date "2019.05.14"]
[Round "4.5"]
[White "Tan, Zhongyi"]
[Black "Stefanova, Antoaneta"]
[Result "0-1"]
[WhiteTitle "GM"]
[BlackTitle "GM"]
[WhiteElo "2513"]
[BlackElo "2470"]
[WhiteFideId "8603642"]
[BlackFideId "2902257"]
[EventDate "2019.05.14"]

1. c4 e6 2. Nc3 d5 3. d4 c6 4. Nf3 dxc4 5. a4 Bb4 6. e3 b5 7. Bd2 a5 8. axb5
Bxc3 9. Bxc3 cxb5 10. b3 Bb7 11. bxc4 b4 12. Bb2 Nf6 13. Bd3 O-O 14. O-O Nbd7
15. Nd2 Re8 16. f4 Nc5 17. Bc2 Nce4 18. Ba4 Re7 19. Nf3 Ng4 20. Qe2 f5 21. Rfd1
Rc7 22. h3 Ngf6 23. Ne5 g5 24. fxg5 Nxg5 25. d5 exd5 26. cxd5 Rg7 27. Nc6 Qf8
28. Kh1 Nge4 29. Be5 Ng3+ 30. Bxg3 Rxg3 31. d6 Qg7 32. Qb5 Kh8 33. d7 Rg8 34.
Ra2 Rxg2 35. d8=Q Rg1+ 0-1

[Event "IMSA Masters Rapid Women"]
[Site "Hengshui CHN"]
[Date "2019.05.14"]
[Round "4.6"]
[White "Harika, Dronavalli"]
[Black "Bodnaruk, Anastasia"]
[Result "1/2-1/2"]
[WhiteTitle "GM"]
[BlackTitle "IM"]
[WhiteElo "2492"]
[BlackElo "2431"]
[WhiteFideId "5015197"]
[BlackFideId "4181751"]
[EventDate "2019.05.14"]

1. c4 e5 2. Nc3 d6 3. g3 Nc6 4. Nf3 g5 5. h3 Bg7 6. e4 h6 7. Nd5 Nge7 8. d3 Nd4
9. Nxd4 exd4 10. h4 Nxd5 11. cxd5 g4 12. Be2 h5 13. Bg5 f6 14. Bf4 f5 15. f3
fxe4 16. dxe4 O-O 17. fxg4 Qe7 18. O-O hxg4 19. Bxg4 Qxe4 20. Bf3 Qh7 21. Qd2
Bh3 22. Bg2 Bxg2 23. Qxg2 Rae8 24. Rae1 Qg6 25. Kh2 Qg4 26. Re4 d3 27. Rfe1 Rxe4
28. Rxe4 Qf5 29. Re6 Rf6 30. Re8+ Rf8 31. Re6 Rf6 32. Re8+ Rf8 33. Re6 Rf6 34.
Re8+ Rf8 35. Re6 1/2-1/2

[Event "IMSA Masters Rapid Women"]
[Site "Hengshui CHN"]
[Date "2019.05.14"]
[Round "4.7"]
[White "Zhao, Xue"]
[Black "Khotenashvili, Bela"]
[Result "1-0"]
[WhiteTitle "GM"]
[BlackTitle "GM"]
[WhiteElo "2485"]
[BlackElo "2476"]
[WhiteFideId "8601283"]
[BlackFideId "13602640"]
[EventDate "2019.05.14"]

1. d4 Nf6 2. Nc3 g6 3. e4 d6 4. Nf3 Bg7 5. h3 a6 6. a4 b6 7. Bd3 O-O 8. e5 Ne8
9. O-O Bb7 10. Re1 c5 11. Bg5 dxe5 12. dxc5 Nc6 13. cxb6 Qxb6 14. Nd5 Qd8 15.
Bc4 Nd6 16. Ba2 Nf5 17. c3 h6 18. Bd2 e6 19. Ne3 e4 20. Nh2 Ne5 21. Nhg4 Nxe3
22. Bxe3 Nd3 23. Nxh6+ Kh7 24. Ng4 Nxe1 25. Qxe1 f5 26. Nh2 Qe7 27. b4 Rfd8 28.
Bc5 Qf6 29. Bd4 e5 30. Bc5 Qg5 31. Nf1 f4 32. Nh2 e3 33. Ng4 Rd2 34. Bc4 Rad8
35. Bf1 exf2+ 36. Bxf2 Qf5 37. Bb6 R8d7 38. Qh4+ Kg8 39. Re1 f3 40. Rxe5 Rxg2+
41. Bxg2 Rd1+ 42. Bf1 f2+ 43. Bxf2 Qf3 44. Re8+ Bf8 45. Nf6+ Kf7 46. Qc4+ Rd5
47. Qc7+ 1-0

[Event "IMSA Masters Rapid Women"]
[Site "Hengshui CHN"]
[Date "2019.05.15"]
[Round "5.1"]
[White "Dzagnidze, Nana"]
[Black "Muzychuk, Mariya"]
[Result "1/2-1/2"]
[WhiteTitle "GM"]
[BlackTitle "GM"]
[WhiteElo "2510"]
[BlackElo "2563"]
[WhiteFideId "13601903"]
[BlackFideId "14114550"]
[EventDate "2019.05.14"]

1. Nf3 c5 2. b3 Nc6 3. Bb2 Nf6 4. e3 g6 5. c4 Bg7 6. Be2 O-O 7. O-O b6 8. d4
cxd4 9. Nxd4 Bb7 10. Bf3 d5 11. Nxc6 Bxc6 12. Nc3 e6 13. Qb1 Qe7 14. cxd5 Nxd5
15. Nxd5 Bxd5 16. Bxd5 exd5 17. Rd1 Rfd8 18. Bxg7 Kxg7 19. Qb2+ Qf6 20. Rd4 Rac8
21. Rad1 Rc5 22. b4 Rc4 23. Qe2 Rdc8 24. h3 Rc2 25. R1d2 Rc1+ 26. Kh2 Rb1 27.
Rc2 Qf5 28. Rxc8 Qxc8 29. Qd2 Qc1 30. Qxc1 Rxc1 31. Rxd5 Rc2 32. Kg3 Rxa2 33. b5
Kf6 34. Rd7 Rb2 35. Rxa7 Rxb5 36. h4 h5 37. e4 Rb2 38. Rb7 Ke6 39. f4 Rb3+ 40.
Kf2 Rb2+ 41. Kf3 Rb3+ 1/2-1/2

[Event "IMSA Masters Rapid Women"]
[Site "Hengshui CHN"]
[Date "2019.05.15"]
[Round "5.3"]
[White "Stefanova, Antoaneta"]
[Black "Koneru, Humpy"]
[Result "1-0"]
[WhiteTitle "GM"]
[BlackTitle "GM"]
[WhiteElo "2470"]
[BlackElo "2553"]
[WhiteFideId "2902257"]
[BlackFideId "5008123"]
[EventDate "2019.05.14"]

1. Nf3 Nf6 2. g3 d5 3. Bg2 c5 4. O-O e6 5. c4 d4 6. e3 Nc6 7. exd4 cxd4 8. d3
Be7 9. a3 a5 10. Re1 Nd7 11. Bf4 O-O 12. Ne5 Ndxe5 13. Bxe5 Qb6 14. Qc2 g5 15.
g4 Nxe5 16. Rxe5 Qc7 17. Qe2 f6 18. Rxe6 Bxe6 19. Qxe6+ Kg7 20. Nd2 Ra6 21. Qf5
Qf4 22. Qxf4 gxf4 23. Re1 Bd6 24. Ne4 Re8 25. Rc1 Bf8 26. c5 Rc8 27. Rc4 b6 28.
Rxd4 bxc5 29. Rd7+ Kh8 30. h4 Rb6 31. g5 fxg5 32. Nxg5 Bg7 33. Nf7+ Kg8 34. Bd5
Kf8 35. Nd6 Rxd6 36. Rxd6 Bxb2 37. a4 Rc7 38. Kg2 Rg7+ 39. Kf3 Bd4 40. Ra6 Rg1
41. Rxa5 Rf1 42. Kxf4 Rxf2+ 43. Kg4 h5+ 44. Kg3 Rd2 45. Bc4 Bf2+ 46. Kf3 Kg7 47.
Rb5 Bxh4 48. Rxc5 Kg6 49. a5 Rf2+ 50. Ke3 Rf6 51. Rc8 Bf2+ 52. Ke2 h4 53. Rg8+
Kh5 54. Bd5 Bd4 55. Bf3+ Kh6 56. Rg4 Re6+ 57. Kf1 Bf6 58. Ra4 Rd6 59. a6 Bd4 60.
Rxd4 Rxd4 61. a7 Ra4 62. a8=Q Rxa8 63. Bxa8 Kg5 64. Kg2 1-0

[Event "IMSA Masters Rapid Women"]
[Site "Hengshui CHN"]
[Date "2019.05.15"]
[Round "5.5"]
[White "Ushenina, Anna"]
[Black "Harika, Dronavalli"]
[Result "1/2-1/2"]
[WhiteTitle "GM"]
[BlackTitle "GM"]
[WhiteElo "2442"]
[BlackElo "2492"]
[WhiteFideId "14110911"]
[BlackFideId "5015197"]
[EventDate "2019.05.14"]

1. d4 f5 2. g3 Nf6 3. Bg2 g6 4. Nf3 Bg7 5. O-O O-O 6. c4 d6 7. Nc3 Qe8 8. b3 e5
9. dxe5 dxe5 10. e4 Nc6 11. Nd5 Qd7 12. exf5 e4 13. Nh4 gxf5 14. Nf4 Ng4 15. Rb1
Qxd1 16. Rxd1 Bd4 17. Rd2 Bc3 18. Rc2 Be5 19. h3 Nf6 20. Be3 a5 21. Rd2 a4 22.
Nd5 axb3 23. axb3 Nxd5 24. cxd5 Nd8 25. Bf1 f4 26. gxf4 Bf6 27. Ng2 Bxh3 28. Bd4
Kh8 29. Re1 Bxd4 30. Rxd4 Bf5 31. Ne3 Bg6 32. f5 Bxf5 33. Nxf5 Rxf5 34. Rexe4
Nf7 35. Bh3 Rf6 36. Rf4 Ra1+ 37. Kg2 Rg6+ 38. Rg4 Ng5 39. Rc4 c6 40. dxc6 bxc6
41. Rc5 h6 42. Rc3 Ra2 43. Kf1 Rf6 44. f4 Ne4 45. Re3 Ng5 46. Bg2 Ne6 47. Bxc6
Ra1+ 48. Kf2 Ra2+ 49. Kg3 Ra7 50. Bd5 Ng7 51. Kf3 Rd7 52. Bc4 Rd8 53. Rd3 Rdf8
54. Rd7 Nf5 55. Bd3 R6f7 56. Rxf7 Rxf7 57. Ke4 Ng7 58. Bc4 Re7+ 59. Kd5 Nf5 60.
Kc5 Rc7+ 61. Kb6 Rc8 62. Be6 Rb8+ 63. Kc7 Rf8 64. b4 Nd4 65. Bd5 h5 66. Rh4 Rf5
67. Bc4 Kg7 68. Kb6 Nf3 69. Rh3 Rxf4 70. Kc5 h4 71. b5 Ng5 72. Rh1 Ne4+ 73. Kc6
Nf2 74. Rc1 h3 75. b6 h2 76. Bd5 Nd3 77. Rb1 Rf6+ 78. Kc7 Nc5 79. Rc1 Rf5 80.
Bh1 Rf7+ 81. Kc6 Nb3 82. Rb1 Na5+ 83. Kb5 Rf5+ 84. Ka6 Nc4 85. Ka7 Ra5+ 86. Kb7
Rg5 87. Rb4 Nxb6 88. Kxb6 Rg1 89. Bc6 h1=Q 90. Bxh1 Rxh1 1/2-1/2